Statystyki dla Skład mistrzów świata z 1998 roku.

Kliknij tutaj aby rozwiązać quiz!

Ogólne statystyki

  • Ten quiz został rozwiązany 51 razy
  • Średni wynik to 6 z 11

Statystyki odpowiedzi

#Zawodnikpozycja% Poprawnych
10Zinedine ZidaneŚPO
95%
16Fabien BarthezBR
82%
15Lilian ThuramPO
75%
17Emmanuel PetitŚP
73%
3Bixente LizarazuLO
64%
7Didier DeschampsŚPD
61%
8Marcel DesaillyŚO
57%
6Youri DjorkaeffN
30%
19Christian KarembeuŚP
16%
9Stephane Guivarc'hN
11%
18Frank LeboeufŚO
9%

Rozkład punktacji

Percentyl według liczby udzielonych odpowiedzi

Procent ludzi z każdym wynikiem

Twoja historia wyników

Nie rozwiązałeś tego quizu